000
00274 a2200109 4500
020
_a
9788126712632
100
_a
Sachchidanand Sinha
245
_a
Jaati vyavastha(जाती व्यवस्था)
250
_a
2nd
260
_b
Rajkamal prakashan
_c
2024
942
_c
OO
999
_c
116308
_d
116307